000 00607nam a22001697a 4500
005 20251108164930.0
008 250721s1965 xx 000 0 ara d
082 1 4 _a964/إبر
100 1 _aحركات، إبراهيم
245 1 0 _aالمغرب عبر التاريخ :
_bعرض لأحداث المغرب و تطوراته منذ ما قبل الإسلام إلى العصر الحاضر /
264 1 _aالدار البيضاء :
_bدار سلمى،
_c1965.
300 _a- مج
650 1 7 _aتاريخ المغرب
650 1 7 _aالتاريخ السياسي
942 _2ddc
_cBK
999 _c17767
_d17767